Vista normal
Vista MARC
Entrada Topical Term
Número de registros utilizados en: 1
001 - CONTROL NUMBER
- control field: 58905
003 - CONTROL NUMBER IDENTIFIER
- control field: OSt
005 - DATE AND TIME OF LATEST TRANSACTION
- control field: 20250227145259.0
008 - FIXED-LENGTH DATA ELEMENTS
- fixed length control field: 250227|| aca||aabn | a|a d
040 ## - CATALOGING SOURCE
- Original cataloging agency: OSt
- Transcribing agency: OSt
150 ## - HEADING--TOPICAL TERM
- Topical term or geographic name entry element: Ejercicios respiratorios
670 ## - SOURCE DATA FOUND
- Source citation: Work cat.: (OSt)56984: Defossez, Jean-Marie 1971- autor 58903, 1,2,3, ¡Respiro! : 40 juegos de respiración antiestrés